000 00816cai a22001815a 4500
001 L149160
008 100120u xxk g 000 0 eng d
035 _a(Sirsi) u149160
041 0 _aeng
110 2 _aTenant Services Authority
_95662
245 0 0 _aFind and compare landlords
_h[electronic resource]
520 _aCompares the performance of social landords. Provides information on rent levels, tenant satisfaction scores, response to repairs and on taking tenants views into account. Search by postcode, area or local authority.
590 _aKA NTK
651 4 _aEngland and Wales
_y1543-
690 _aPROPERTY-RESIDENTIAL PROPERTY-RESIDENTIAL PROPERTY MANAGEMENT
856 4 0 _uhttps://portal.tenantservicesauthority.org/
_zView the website free of charge at www.tenantservicesauthority.org...
942 _n0
999 _c120837
_d120837